000
00368nam a2200145Ia 4500
008
231129s2008||||xx |||||||||||||| ||spa||
020
_a
978-84-261-3335-7
040
_b
spa
082
_a
(i) 813 P416p
100
_a
Pennypacker Sara
245
0
_a
Pedro está enamorado
260
_c
2008
264
_a
Juventud
942
_2
ddc
_c
BKS
999
_c
22536
_d
22536